| 000 | 00558nam a2200181Ia 4500 | ||
|---|---|---|---|
| 008 | 090124s9999 xx 000 0 und d | ||
| 082 | _b18488 | ||
| 100 | _aराजाध्यक्ष विजया | ||
| 245 | _a अनोऴखी | ||
| 250 | _a1 | ||
| 260 |
_bमॅजेस्टिक प्रकाशन _c1973 |
||
| 300 | _a149 | ||
| 600 | _aराजाध्यक्ष विजया | ||
| 630 | _a अनोऴखी | ||
| 700 | _aराजाध्यक्ष विजया | ||
| 730 | _a अनोऴखी | ||
| 942 | _cBOOK | ||
| 999 |
_c89545 _d89545 |
||